000 00563nam a22001817a 4500
999 _c192258
_d192258
005 20220916114023.0
010 _aENG-135071
020 _c400.00
_a978-93-89146-33-2
035 _aEN-118603
037 _bDBAD/PUB
082 _a305.4
245 _aFeminine voices in Indian English fiction/
_cedited by Venkata Ramani Challa
260 _bShanlax Publicatiions
_c2019
_aTamil Nadu
270 _a61,66 T.P.K. Main Road
_bTamil Nadu
_e625003
300 _a208p.
_c22cm(pbk)
700 _aVenkata Ramani Challa
942 _2ddc
_cEN
_h305.4
_mPEM